All Varieties of Spoken Arabic - Statistics

General Stats
  • This quiz has been taken 63 times
  • The average score is 15 of 37
Answer Stats
L1 Speakers Answer Countries % Correct
51m Levantine Arabic Lebanon, Palestine, Syria, Jordan, Turkey, Israel
98%
29m Moroccan Arabic Morocco, Western Sahara, Algeria
96%
78m Egyptian Arabic Egypt
94%
12m Tunisian Tunisia
92%
17m Gilit Mesopotamian Arabic Iraq, Syria, Turkey, Iran, Kuwait
88%
5.6m Libyan Arabic Libya, Egypt, Niger
88%
37m Sudanese Sudan, South Sudan, Eritrea
88%
0 L1 330m L2 Modern Standard Arabic Worldwide
84%
36m Algerian Arabic Algeria
82%
11m Gulf Arabic Qatar, Bahrain, United Arab Emirates, Saudi Arabia, Iran, Oman, Kuwait, Iraq
78%
3.2m Omani Arabic Oman, United Arab Emirates
75%
5.2m Ḥassānīya Mauritania, Mali, Algeria, Morocco, Niger, Western Sahara, Senegal
65%
2.3m Chadian Arabic Chad, Cameroon, Niger, Nigeria, Libya, Central African Republic
55%
11m Hejazi Arabic Saudi Arabia, Yemen, Jordan
47%
570k Maltese Malta
45%
300~ Cypriot Arabic Northern Cyprus
37%
19m Najdi Arabic Saudi Arabia, Jordan, Syria, Iraq
35%
310k Algerian Saharan Arabic Algeria, Niger
33%
250k Juba Arabic South Sudan, Sudan
27%
25m Ṣaʽīdi Arabic Egypt
25%
0 (Extinct 1600s) Andalusi Arabic Al-Andalus
20%
730k Bahrani Arabic Bahrain, Saudi Arabia
20%
10m North Mesopotamian Arabic Iraq, Syria, Turkey
20%
50k Nubi Uganda, Kenya
18%
12m Taʽizzi-Adeni Arabic Yemen, Djibouti
16%
3k Bakhtiari Afghanistan
14%
5.1m Ḥaḍrami Arabic Yemen
14%
130k Dhofari Arabic Oman
10%
5k Khorasani Iran
10%
3m Levantine Bedawi Arabic Egypt, Palestine, Jordan, Syria, Israel
6%
13m Sanʽani Arabic Yemen
6%
38k Shihhi Arabic United Arab Emirates, Oman
6%
50k Bareqi Arabic Saudi Arabia
4%
Presumably no L1 Speakers, Likely around 20k-30k L2 Bongor Arabic Chad
4%
3k Bukhari Uzbekistan, Tajikistan
4%
0 (Extinct 1800s) Shirvani Arabic Azerbaijan, Russia
2%
1.5k Qashqadari Uzbekistan, Tajikistan
0%
No matching quizzes found
Score Distribution
Percent of People with Each Score
Percentile by Number Answered
Your Score History
You have not taken this quiz